BIBLIOTHÈQUE DE LA MAISON DU MEXIQUE

Logo 1 Logo 2

De Doorbraak van de hoop : Mexico van 1810 tot 1910 : [tentoonstelling], Brussel, Bank Brussel Lambert, 5 oktober - 5 december 1993 = Le Creuset de l'Espérance : le Mexique de 1810 à 1910 : [exposition], Bruxelles, Banque Bruxelles Lambert, 5 octobre - 5 décembre 1993 (notice nᵒ 11598)

détails MARC
000 -Sello discográfico
campo de control de longitud fija 01281nam a2200349 4500
005 - Identificación de versión
campo de control 20250925141600.0
035 ## - Otros números de control del sistema
Número de control del sistema 9276
099 ## - fechas locales
Tipo de ítem Koha LIBRO
100 ## - Datos de procesamiento general
Datos de procesamiento general 20040721d1993 m y1spay5003 ba
105 ## - Campo de datos codificados: Material textual, monográfico
Datos codificados de monografía a 001zy
200 1# - Título y mención de responsabilidad
Título propio De Doorbraak van de hoop : Mexico van 1810 tot 1910 : [tentoonstelling], Brussel, Bank Brussel Lambert, 5 oktober - 5 december 1993 = Le Creuset de l'Espérance : le Mexique de 1810 à 1910 : [exposition], Bruxelles, Banque Bruxelles Lambert, 5 octobre - 5 décembre 1993
Designación general del material texto impreso
210 ## - Publicación, distribución, etc.
Lugar de publicación, distribución, etc. Bruxelles
Nombre del editor, distribuidor, etc. Europalia 93 México : Gobierno del Estado de Sonora : Consejo Nacional para la Cultura y las Artes
Fecha de publicación, distribución, etc. 1993
215 ## - Descripción física
Designación de material específico y extensión del ítem 241 p
Otras características físicas principalmente il.
Dimensiones 30 cm
318 ## - Nota de acción
Acción No se presta a domicilio
345 ## - Nota de información de adquisición
Fuente de adquisición/dirección de la suscripción [OBSOLETO] Donación
606 ## - Término temático usado como materia
Elemento de entrada Arte moderno
Subdivisión geográfica México
Subdivisión cronológica Siglo XIX
Subdivisión temática Exposiciones
Número Koha 18251
607 ## - Nombre geográfico utilizado como tema
Elemento de entrada México
Subdivisión temática Historia
Subdivisión cronológica Siglo XIX
Subdivisión temática Exposiciones
Número Koha 18252
660 ## - Código de área geográfica
Código MX
676 ## - Clasificación Decimal Dewey
Número F972 B218d
710 ## - Nombre de entidad corporativa - Responsabilidad primaria
Elemento de entrada Banque Bruxelles Lambert
Adición al nombre o calificador Belgique
Número Koha 18253
801 #0 - Fuente de origen
Agencia cm
900 ## -
-- 1/7867
900 ## -
-- 7100419632\210704
942 ## - ELEMENTOS DE ENTRADA SECUNDARIOS (KOHA)
Tipo de ítem Koha Livre

Pas d'exemplaire disponible.